Tôi tự học : Phương pháp tự học, tự đào luyện cho mình một nền tảng văn hoá vững chắc cả bề sâu lẫn bề rộng

Bàn về các phương pháp học tập, rèn luyện nền tảng tinh thần cho con người, bổ sung những phương pháp tư duy, phương pháp học tập mà học sinh, sinh viên rất cần nhưng chưa đượng truyền đạt từ gia đình, nhà trường...

Deskribapen osoa

Gorde:
Xehetasun bibliografikoak
Egile nagusia: Nguyễn, Duy Cần
Formatua: Liburua
Hizkuntza:Undetermined
Argitaratua: Thành phố Hồ Chí Minh Trẻ 2014
Gaiak:
Etiketak: Etiketa erantsi
Etiketarik gabe, Izan zaitez lehena erregistro honi etiketa jartzen!
Thư viện lưu trữ: Trung tâm Học liệu Trường Đại học Cần Thơ
LEADER 01119nam a2200229Ia 4500
001 CTU_196626
008 210402s9999 xx 000 0 und d
020 |c 50000 
082 |a 371.30281 
082 |b C121 
100 |a Nguyễn, Duy Cần 
245 0 |a Tôi tự học : 
245 0 |b Phương pháp tự học, tự đào luyện cho mình một nền tảng văn hoá vững chắc cả bề sâu lẫn bề rộng 
245 0 |c Nguyễn Duy Cần 
260 |a Thành phố Hồ Chí Minh 
260 |b Trẻ 
260 |c 2014 
520 |a Bàn về các phương pháp học tập, rèn luyện nền tảng tinh thần cho con người, bổ sung những phương pháp tư duy, phương pháp học tập mà học sinh, sinh viên rất cần nhưng chưa đượng truyền đạt từ gia đình, nhà trường 
650 |a Study skills,Kỹ năng học tập 
650 |x Study and teaching,Dạy và học 
904 |i Nguyên 
980 |a Trung tâm Học liệu Trường Đại học Cần Thơ